00348 a2200121 45000010005000001000012000052450047000172600021000640900015000859420023001009990019001239520084001427076 aShahane aSolution of problems in theory of machines abAllies poonec c5846d5846 aNUST-CAEcMc32318 c242149d242149 001040708NFICaCAEbCAEd2017-04-03l0pCAE15212r2017-04-05w2017-04-05yBK